000 00351cam a2200145ua 4500
003 OSt
008 250130b |||||||| |||| 00| 0 eng d
041 _aeng
082 _a621.3012
_bHIR/AP
100 _aHirst, A W .
_97043
245 _aAppied electricity /
260 _aMumbai :
_bAsia Publishing House ,
_c1962.
300 _a398 ; .
942 _cBK
999 _c7205
_d7205